| 000 | 00721nam a2200265 a 4500 | ||
|---|---|---|---|
| 001 | 20187 | ||
| 003 | CO-ViMGA | ||
| 008 | 141112s2004 ck r 000 u spa d | ||
| 020 | _a8434864290 | ||
| 040 |
_aCO-ViMGA _bspa _cCO-ViMGA |
||
| 082 | 0 | 4 | _aI 292 M221d |
| 100 | 1 |
_aMcCaughrean, Geraldine; Ross, Tony _93214 |
|
| 245 | 1 | 0 | _aLos doce trabajos de Hercules |
| 250 | _a3 | ||
| 260 |
_aMadrid : _bEdiciones S.M., _c1999 |
||
| 300 | _a48 p. | ||
| 490 | 0 | _aMitos | |
| 590 | _aForma de adquisición : Premio Mincultura | ||
| 650 | 1 | 4 |
_aHERCULES _93215 |
| 650 | 1 | 4 |
_aHEROES _93216 |
| 650 | 1 | 4 |
_aLITERATURA INFANTIL _92746 |
| 650 | 1 | 4 |
_aMITOLOGIA EN LA LITERATURA _93217 |
| 650 | 1 | 4 | _aMITOLOGIA GRIEGA |
| 942 |
_2ddc _cBK |
||
| 999 |
_c9805 _d9805 |
||